Les villes et villages fleuris de PACA et de Corse - Statistiques

Statistiques générales
  • Ce quiz a été pris 46 fois
  • Le résultat moyen est 4 sur 10
Statistiques - réponses
Département Habitants Indice Réponse % Correct
06 346000 *I*E Nice
87%
06 72939 *A**E* Cannes
69%
83 55798 H**R*S-L*S-P*LM**RS Hyères-les-Palmiers
56%
13 45000 I***E* Istres
54%
06 31163 *E**O* Menton
46%
83 8277 *O**E*-*E*-*I*O*A* Bormes-les-Mimosas
36%
83 6045 *E *A*A**OU Le Lavandou
36%
83 16960 *A*A*Y-*U*-*E* Sanary-sur-Mer
33%
13 7149 *A**I* Cassis
28%
2B 148 *A*A Lama
3%
Aucun quiz correspondant
Distribution des résultats
% des personnes avec chaque résultat
Percentile par nombre de réponses
Votre historique - résultats
Vous n’avez pas pris ce quiz